[Event "Superettan(Alingsas-Manhem)"]
[Site "?"]
[Date "2019.03.09"]
[Round "6"]
[White "Welin, Mats"]
[Black "Winsnes, Rikard"]
[Result "0-1"]
[WhiteElo "2328"]
[BlackElo "2378"]
[PlyCount "124"]
1. e4 c5 2. Nf3 d6 3. d4 cxd4 4. Nxd4 Nf6 5. Nc3 g6 6. Be3 Bg7 7. f3 Nc6 8. Qd2
Bd7 9. O-O-O Rc8 10. g4 Ne5 11. g5 Nh5 12. Kb1 O-O 13. Be2 Nc4 14. Bxc4 Rxc4
15. Nde2 Be6 16. Bd4 Bxd4 17. Nxd4 Qb6 18. Rhe1 Rfc8 19. Nd5 Bxd5 20. exd5 Qc5
21. c3 Rc7 22. Nb3 Qb5 23. Re4 Ng7 24. Qd3 a6 25. Na5 R4c5 26. Qxb5 Rxb5 27.
Nb3 e6 28. dxe6 Nxe6 29. h4 Rc6 30. Nd4 Rd5 31. Kc2 Nxd4+ 32. Rdxd4 Rxd4 33.
Rxd4 Kf8 34. a4 Ke7 35. Rb4 b6 36. Re4+ Kd7 37. Kd3 Rc5 38. Rf4 Rd5+ 39. Kc4
Rc5+ 40. Kd4 Ke6 41. Rf6+ Ke7 42. b3 h6 43. f4 Rc7 44. f5 hxg5 45. hxg5 gxf5
46. Rxf5 Ke6 47. Rf6+ Ke7 48. b4 Rc8 49. Rf3 Rg8 50. Kd5 Rxg5+ 51. Kc6 b5 52.
a5 Rg6 53. Rh3 f5 54. Kb7 d5 55. Rh7+ Kf8 56. Rh8+ Ke7 57. Ra8 f4 58. Rxa6 Rxa6
59. Kxa6 f3 60. Kb7 f2 61. a6 f1=Q 62. a7 Qh1 0-1

[Event "Superettan(Burgsvik-SodraSASS)"]
[Site "?"]
[Date "2019.03.09"]
[Round "6"]
[White "Andersson, Tommy"]
[Black "Winge, Stefan"]
[Result "0-1"]
[WhiteElo "2407"]
[BlackElo "2203"]
[PlyCount "152"]
1. d4 Nf6 2. c4 g6 3. Nc3 d5 4. cxd5 Nxd5 5. Nf3 Bg7 6. e3 O-O 7. Bc4 Nb6 8.
Be2 Be6 9. O-O Bc4 10. Bxc4 Nxc4 11. b3 Nd6 12. Ba3 Nd7 13. Rc1 Rc8 14. Na4 c6
15. Nc5 Nxc5 16. Rxc5 e6 17. Qc2 Re8 18. Bb2 f5 19. Nd2 g5 20. a4 Rc7 21. b4 a6
22. Rc1 Rf7 23. Qb3 g4 24. R5c2 h5 25. Nc4 Nxc4 26. Rxc4 Qd5 27. Qc2 Bf8 28.
Qe2 h4 29. e4 Qxe4 30. Qxe4 fxe4 31. Re1 g3 32. hxg3 hxg3 33. fxg3 Rg7 34. Rxe4
Rxg3 35. Bc3 Bd6 36. Be1 Ra3 37. Rg4+ Kf7 38. a5 Ra1 39. Kf2 Ra2+ 40. Kf3 Rf8
41. Ke3 Kf6 42. Bh4+ Kf7 43. Rc1 Ke8 44. Rb1 Ra4 45. Rb3 Rxb4 46. Rxb4 Bxb4 47.
Rg7 Rf7 48. Rg8+ Kd7 49. g4 c5 50. dxc5 Bxa5 51. g5 Bc3 52. g6 Rg7 53. Rd8+ Kc7
54. Rd6 Rxg6 55. Bd8+ Kc8 56. Bb6 Bf6 57. Kf4 Be7 58. Rd3 Rg5 59. Ke4 a5 60.
Bxa5 Rxc5 61. Bb6 Rb5 62. Bd4 Rd5 63. Rc3+ Kd7 64. Bb6 Bd6 65. Rb3 Kc6 66. Bd4
b5 67. Rh3 b4 68. Rh6 e5 69. Be3 b3 70. Rh2 Bc5 71. Bc1 Bd4 72. Rh6+ Rd6 73.
Rh2 Kb5 74. Rd2 Rc6 75. Ba3 Ra6 76. Be7 b2 0-1

[Event "Superettan(Alingsas-Manhem)"]
[Site "?"]
[Date "2019.03.09"]
[Round "6"]
[White "Agrest, Evgenij"]
[Black "Al Hadarani, Hatim"]
[Result "1-0"]
[WhiteElo "2581"]
[BlackElo "2324"]
[PlyCount "58"]
1. Nf3 Nf6 2. c4 c5 3. Nc3 d6 4. d4 cxd4 5. Nxd4 b6 6. e4 Bb7 7. f3 e6 8. Be2
Be7 9. O-O O-O 10. Be3 Nbd7 11. a4 a5 12. Ndb5 Qb8 13. Qd2 Rd8 14. Rad1 Bc6 15.
Kh1 Ne5 16. Qe1 Qb7 17. Qd2 Rab8 18. Qc2 Rbc8 19. b3 Ng6 20. Rd2 d5 21. cxd5
exd5 22. e5 Nd7 23. f4 Bb4 24. Rdd1 f5 25. Bd3 Rf8 26. Bd4 Rce8 27. Qf2 Ne7 28.
Nd6 Bxd6 29. exd6 Ng6 1-0

[Event "Superettan(Burgsvik-SodraSASS)"]
[Site "?"]
[Date "2019.03.09"]
[Round "6"]
[White "Adler, Bo"]
[Black "Linusson, Pelle"]
[Result "0-1"]
[WhiteElo "2176"]
[BlackElo "2216"]
[PlyCount "72"]
[EventDate "2019.??.??"]
1. d4 Nf6 2. c4 g6 3. Nc3 d5 4. Nf3 Bg7 5. Bg5 Ne4 6. cxd5 Nxg5 7. Nxg5 e6 8.
Qd2 h6 9. Nh3 exd5 10. Qe3+ Kf8 11. Nf4 c5 12. Qf3 cxd4 13. Nxg6+ Kg8 14. Nxh8
dxc3 15. bxc3 Kxh8 16. g3 Qa5 17. Rc1 Be6 18. Bg2 Nd7 19. O-O Rc8 20. Qh5 Rxc3
21. e4 Nf6 22. Qe5 Rxc1 23. Rxc1 Nxe4 24. Qb8+ Kh7 25. Qxb7 Qa4 26. Re1 Qxa2
27. Bxe4+ dxe4 28. Qxe4+ Kg8 29. Rb1 Bf6 30. h4 Qd5 31. Rb8+ Kg7 32. Qb4 Qd1+
33. Kh2 Bd5 34. Qf8+ Kg6 35. Qg8+ Bg7 36. f3 Qxf3 0-1

[Event "Superettan(Alingsas-Manhem)"]
[Site "?"]
[Date "2019.03.09"]
[Round "6"]
[White "Storme, Isak"]
[Black "Wengholm, Anders"]
[Result "1-0"]
[WhiteElo "2271"]
[BlackElo "2209"]
[PlyCount "79"]
1. d4 Nf6 2. Nf3 g6 3. Nbd2 Bg7 4. e4 d6 5. Bd3 O-O 6. O-O Nc6 7. c3 e5 8. Re1
Nd7 9. Bb5 exd4 10. Bxc6 bxc6 11. cxd4 c5 12. d5 Re8 13. Nc4 Nf6 14. Qd3 Ba6
15. Bg5 h6 16. Bh4 g5 17. Bg3 Bxc4 18. Qxc4 Rb8 19. e5 Rb4 20. Qa6 Rb6 21. Qxa7
Nxd5 22. exd6 Rxe1+ 23. Rxe1 cxd6 24. h4 Bf6 25. hxg5 hxg5 26. Qa4 Nc7 27. Nd2
d5 28. Bxc7 Qxc7 29. Re8+ Kg7 30. Qa8 Rxb2 31. Rh8 Kg6 32. Qg8+ Kf5 33. Qh7+
Ke6 34. Re8+ Be7 35. Qh3+ Kd6 36. Qg3+ Kc6 37. Qxc7+ Kxc7 38. Rxe7+ Kd6 39. Re2
Rxa2 40. Ne4+ 1-0

[Event "Superettan(Burgsvik-SodraSASS)"]
[Site "?"]
[Date "2019.03.09"]
[Round "6"]
[White "Haitin, Ilja"]
[Black "Larsson, Per"]
[Result "1-0"]
[WhiteElo "2294"]
[BlackElo "2291"]
[PlyCount "37"]
[SourceDate "2019.03.18"]
1. e4 c5 2. Nf3 e6 3. c3 Nf6 4. e5 Nd5 5. g3 d6 6. exd6 Bxd6 7. Bg2 O-O 8. O-O
Nc6 9. d4 cxd4 10. Nxd4 Nxd4 11. Qxd4 Qc7 12. c4 Nb4 13. Qe4 Rd8 14. Nc3 a6 15.
Rd1 Nc6 16. Be3 Be7 17. c5 Bd7 18. b4 Bf6 19. Bf4 1-0

[Event "Superettan(Alingsas-Manhem)"]
[Site "?"]
[Date "2019.03.09"]
[Round "6"]
[White "Andreasson, Ingvar"]
[Black "Fendrich, David"]
[Result "1-0"]
[WhiteElo "2327"]
[BlackElo "2219"]
[PlyCount "69"]
1. Nf3 c5 2. c4 Nf6 3. Nc3 e6 4. g3 b6 5. Bg2 Bb7 6. O-O Be7 7. b3 O-O 8. Bb2
d6 9. e3 Nbd7 10. Qe2 Re8 11. d3 a6 12. Nd2 Bxg2 13. Kxg2 Qc7 14. f4 b5 15. g4
b4 16. Nd1 Nb6 17. g5 Nfd7 18. Rf3 d5 19. Rh3 f5 20. Qh5 Nf8 21. Nf3 Nbd7 22.
cxd5 exd5 23. Nh4 g6 24. Qh6 d4 25. Nf3 Bd6 26. Rc1 Bxf4 27. exf4 Re2+ 28. Kf1
Qxf4 29. Kxe2 Re8+ 30. Kf1 Ne5 31. Qh4 Ng4 32. Qg3 Ne3+ 33. Nxe3 Qxe3 34. Ng1
Qd2 35. Qg2 1-0

[Event "Superettan(Burgsvik-SodraSASS)"]
[Site "?"]
[Date "2019.03.09"]
[Round "6"]
[White "Fors, Tomas"]
[Black "Larsson, Victor"]
[Result "0-1"]
[WhiteElo "2160"]
[BlackElo "2201"]
[PlyCount "38"]
1. d4 d5 2. c4 e6 3. Nc3 Be7 4. Nf3 Nf6 5. Bg5 h6 6. Bh4 O-O 7. e3 b6 8. Be2
Bb7 9. O-O Nbd7 10. Rc1 c5 11. Ne5 cxd4 12. exd4 Rc8 13. Nb5 a6 14. Na7 Rc7 15.
cxd5 Nxe5 16. dxe5 Nxd5 17. Bxe7 Qxe7 18. Qa4 Ra8 19. Nc6 Qd7 0-1

[Event "Superettan(Alingsas-Manhem)"]
[Site "?"]
[Date "2019.03.09"]
[Round "6"]
[White "Landgren, Philip"]
[Black "Bjorklund, Thomas"]
[Result "1/2-1/2"]
[WhiteElo "2267"]
[BlackElo "2161"]
[PlyCount "84"]
1. Nf3 Nf6 2. c4 c5 3. g3 g6 4. b3 Bg7 5. Bb2 Nc6 6. Bg2 d6 7. O-O Bg4 8. Nc3
Qd7 9. Nd5 e5 10. d3 Nxd5 11. cxd5 Ne7 12. e4 O-O 13. Qc2 Bxf3 14. Bxf3 f5 15.
Bg2 f4 16. f3 g5 17. g4 b5 18. a3 a5 19. Bc3 Rfc8 20. a4 b4 21. Be1 Ng6 22. Bh3
Bf6 23. Rc1 Kg7 24. Qg2 Qa7 25. Bf2 Rc7 26. Rc2 Rac8 27. Rc4 Nf8 28. Rd1 Nd7
29. Qf1 Nb6 30. Rc2 Qb7 31. Qe2 h6 32. Rdc1 Bd8 33. Bf1 Nd7 34. Be1 Qa7 35. Kh1
Be7 36. Bf2 Qb7 37. Qe1 Nf8 38. Kg1 Ng6 39. Rc4 Kf7 40. R4c2 Kg7 41. Rc4 Kf7
42. R4c2 Kg7 1/2-1/2

[Event "Superettan(Burgsvik-SodraSASS)"]
[Site "?"]
[Date "2019.03.09"]
[Round "6"]
[White "Persson, Mats"]
[Black "Broden, Per"]
[Result "1/2-1/2"]
[WhiteElo "2283"]
[BlackElo "2008"]
[PlyCount "43"]
1. e4 c5 2. Nf3 e6 3. Nc3 Nc6 4. g3 Qc7 5. Bg2 a6 6. O-O b5 7. d4 cxd4 8. Nxd4
Bb7 9. Nxc6 Bxc6 10. Bf4 Qb7 11. Re1 h5 12. Qd2 h4 13. Nd5 Rc8 14. Qa5 Bc5 15.
Re2 hxg3 16. hxg3 Nf6 17. Rd1 Qa7 18. Qd2 Ng4 19. Ne3 Nf6 20. Nd5 Ng4 21. Ne3
Nf6 22. Nd5 1/2-1/2

[Event "Superettan(Alingsas-Manhem)"]
[Site "?"]
[Date "2019.03.09"]
[Round "6"]
[White "Agrest, Svetlana"]
[Black "Bengtsson, Jonas"]
[Result "1/2-1/2"]
[WhiteElo "2239"]
[BlackElo "2122"]
[PlyCount "64"]
1. e4 c5 2. d4 cxd4 3. c3 dxc3 4. Nxc3 e6 5. Nf3 Nc6 6. Bc4 Nge7 7. O-O a6 8.
Qe2 b5 9. Bb3 Ng6 10. Rd1 Bc5 11. e5 O-O 12. Ne4 Be7 13. Nd6 Qc7 14. Bg5 f6 15.
Nxc8 Raxc8 16. exf6 Bxf6 17. Rxd7 Qb8 18. Qxe6+ Kh8 19. Rad1 Nce5 20. Nxe5 Nxe5
21. Bf4 Nf3+ 22. gxf3 Qxf4 23. Qg4 Bxb2 24. Qxf4 Rxf4 25. Rd8+ Rf8 26. Rxf8+
Rxf8 27. Rd6 g6 28. Rxa6 Rxf3 29. Ra8+ Kg7 30. Ra7+ Kh8 31. Ra8+ Kg7 32. Ra7+
Kh8 1/2-1/2

[Event "Superettan(Burgsvik-SodraSASS)"]
[Site "?"]
[Date "2019.03.09"]
[Round "6"]
[White "Bergmanolson, Michael"]
[Black "Akerman, Axel"]
[Result "1/2-1/2"]
[WhiteElo "2093"]
[BlackElo "2157"]
[PlyCount "92"]
1. e4 c5 2. Nf3 d6 3. d4 cxd4 4. Nxd4 Nf6 5. Nc3 g6 6. Be3 Bg7 7. f3 O-O 8. Qd2
Nc6 9. Bc4 Bd7 10. O-O-O Rc8 11. Bb3 Nxd4 12. Bxd4 b5 13. Nd5 Nxd5 14. Bxg7
Kxg7 15. exd5 Kg8 16. Rhe1 a5 17. a3 b4 18. axb4 axb4 19. Qxb4 Rc5 20. Qd4 Re8
21. g4 Qb6 22. Re3 Rec8 23. Rc3 Bb5 24. Rxc5 dxc5 25. Qe3 Qa5 26. c4 Ba4 27.
Bxa4 Qxa4 28. Qc3 Rb8 29. d6 exd6 30. Rxd6 Qa1+ 31. Kc2 Qa4+ 32. Kb1 Ra8 33.
Rd5 h6 34. h4 Kh7 35. h5 Qa2+ 36. Kc2 gxh5 37. gxh5 Re8 38. Qd3+ Kg7 39. Qc3+
Kh7 40. Rd2 Qa4+ 41. b3 Qa2+ 42. Qb2 Qa6 43. Rg2 f6 44. Rd2 Re3 45. Rd3 Re2+
46. Rd2 Re3 1/2-1/2

[Event "Superettan(Alingsas-Manhem)"]
[Site "?"]
[Date "2019.03.09"]
[Round "6"]
[White "Akesson, Joel"]
[Black "Wallenas, Joakim"]
[Result "1/2-1/2"]
[WhiteElo "2238"]
[BlackElo "1963"]
[PlyCount "46"]
1. c4 Nf6 2. Nc3 e6 3. Nf3 c5 4. g3 Nc6 5. Bg2 d6 6. d4 cxd4 7. Nxd4 Bd7 8. O-O
Nxd4 9. Qxd4 Bc6 10. Rd1 Be7 11. Bg5 O-O 12. Bxf6 Bxf6 13. Qxd6 Qxd6 14. Rxd6
Bxg2 15. Kxg2 Rfc8 16. Rd7 b6 17. Rad1 Rxc4 18. Rb7 Rd4 19. Rxd4 Bxd4 20. Na4
g6 21. e3 Bf6 22. Kf3 Kf8 23. Ke2 Ke8 1/2-1/2

[Event "Superettan(Burgsvik-SodraSASS)"]
[Site "?"]
[Date "2019.03.09"]
[Round "6"]
[White "Andersson, Bjorn"]
[Black "Soderberg, Per"]
[Result "1-0"]
[WhiteElo "2162"]
[BlackElo "2136"]
[PlyCount "111"]
1. e4 c5 2. Nf3 d6 3. d4 cxd4 4. Nxd4 Nf6 5. Nc3 a6 6. Be2 e5 7. Nb3 Be6 8. O-O
Be7 9. Kh1 d5 10. exd5 Nxd5 11. Ne4 Nd7 12. c4 Nb4 13. Be3 Qc7 14. a3 Nc6 15.
f4 exf4 16. Bxf4 Nce5 17. Nd4 O-O 18. Nxe6 fxe6 19. Qd4 Rad8 20. Bg4 Rxf4 21.
Rxf4 Nc5 22. Qe3 Ned3 23. Rff1 Qe5 24. Bf3 Nxb2 25. Qe2 Ncd3 26. Bg4 Nf4 27.
Qf3 g5 28. Ng3 Nbd3 29. Qxb7 Nf2+ 30. Rxf2 Qxa1+ 31. Rf1 Qxa3 32. Qe4 Qd6 33.
c5 Qd5 34. Rxf4 Qxc5 35. Qxe6+ Kh8 36. Rf1 a5 37. Ne4 Qc7 38. Qh6 Qc4 39. Re1
Qb4 40. Rf1 Qc4 41. Ng3 Qxg4 42. Qb6 a4 43. Nf5 Qe2 44. Qb1 Bf6 45. Ng3 Qe7 46.
Re1 Qd7 47. Ne4 Rf8 48. Rf1 Qc6 49. Nxg5 Qd7 50. Rd1 Qe7 51. Re1 Qd7 52. Rf1 a3
53. Qb3 Be7 54. Nf7+ Rxf7 55. Qxf7 Qd8 56. Re1 1-0

[Event "Superettan(Alingsas-Manhem)"]
[Site "?"]
[Date "2019.03.09"]
[Round "6"]
[White "Bergre, Joachim"]
[Black "Rasti, Arvin"]
[Result "1/2-1/2"]
[WhiteElo "1944"]
[BlackElo "1863"]
[PlyCount "117"]
1. Nf3 Nf6 2. c4 e6 3. g3 d5 4. Bg2 Be7 5. O-O O-O 6. d4 dxc4 7. Qc2 a6 8. Qxc4
b5 9. Qc2 Bb7 10. Nc3 Nbd7 11. Bg5 h6 12. Bf4 Rc8 13. Ne5 Bxg2 14. Kxg2 Nxe5
15. Bxe5 c5 16. Rad1 Qb6 17. f3 Rfd8 18. e3 cxd4 19. Bxd4 Rxd4 20. exd4 b4 21.
Qb3 Qc6 22. Ne2 Qc2 23. Rf2 Qf5 24. Rc1 Rd8 25. Qc2 Qg5 26. h4 Qb5 27. Qc4 Qa4
28. Nf4 g5 29. hxg5 hxg5 30. Nd3 Nd5 31. Re2 Nb6 32. Qc6 Rxd4 33. Qxb6 Rxd3 34.
Qb7 Bd6 35. Qe4 Qb5 36. Rec2 Rd5 37. Rh1 Kf8 38. Rhc1 Kg7 39. Rh1 Kf8 40. Rhc1
Kg7 41. Qe2 Rd3 42. Qe4 Rd5 43. b3 g4 44. Rf1 gxf3+ 45. Rxf3 Rg5 46. Rd2 Qb8
47. Rdd3 Qc7 48. Qd4+ Be5 49. Qd7 Qxd7 50. Rxd7 Bf6 51. Re3 Kg6 52. Re4 a5 53.
Rc4 Be5 54. Rd3 Bc3 55. Rc6 Re5 56. Kf2 Rf5+ 57. Ke2 Re5+ 58. Re3 Rd5 59. Rd3
1/2-1/2

[Event "Superettan(Rockaden,Sthlm II-Upsala)"]
[Site "?"]
[Date "2019.03.09"]
[Round "6"]
[White "Burwick, Malte"]
[Black "Zadruzny, Nicolaj"]
[Result "0-1"]
[WhiteElo "2228"]
[BlackElo "2283"]
[PlyCount "122"]
[SourceDate "2019.03.19"]
1. Nf3 Nf6 2. g3 d5 3. Bg2 e6 4. O-O Be7 5. d3 c5 6. Nbd2 Nc6 7. e4 Qc7 8. Re1
b6 9. a3 Bb7 10. c3 dxe4 11. dxe4 Nd7 12. Qe2 O-O 13. e5 Rad8 14. b4 a6 15. Nf1
b5 16. h4 Nb6 17. Bf4 Nb8 18. Bg5 Nc4 19. N1h2 Bxg5 20. hxg5 Qe7 21. Qc2 Nd7
22. Qc1 Ndb6 23. Qf4 Rd3 24. Qh4 Rfd8 25. bxc5 Nd5 26. a4 Nxc3 27. axb5 axb5
28. Ra7 R3d7 29. Rxb7 Rxb7 30. Ng4 Rbd7 31. c6 Rd1 32. Rxd1 Rxd1+ 33. Kh2 Nd5
34. Nf6+ gxf6 35. gxf6 Qf8 36. Ng5 h6 37. Nxe6 fxe6 38. Qg4+ Kh8 39. Qxd1 Nxe5
40. Bxd5 exd5 41. c7 Qc5 42. Qh5 Qxc7 43. f4 Nf7 44. Qxd5 Qc4 45. Qf5 Kg8 46.
g4 Kf8 47. Kg3 Nd6 48. Qg6 Nf7 49. Kh4 Ke8 50. Qg8+ Kd7 51. Qf8 Qe6 52. g5
hxg5+ 53. fxg5 Ne5 54. Qg7+ Kc6 55. Kg3 Qg4+ 56. Kf2 Qf3+ 57. Ke1 Qg2 58. Kd1
Nf3 59. Kc1 Qxg5+ 60. Kb1 Qf5+ 61. Kc1 Ne5 0-1

[Event "Superettan(Vasteras II-Kristallen)"]
[Site "?"]
[Date "2019.03.09"]
[Round "6"]
[White "Walinder, Lars"]
[Black "Norberg, Erik"]
[Result "1-0"]
[WhiteElo "2258"]
[BlackElo "2209"]
[PlyCount "76"]
[EventDate "2019.??.??"]
1. c4 c5 2. Nf3 Nc6 3. d4 cxd4 4. Nxd4 g6 5. e4 Bg7 6. Be3 Nf6 7. Nc3 d6 8. Be2
O-O 9. O-O Bd7 10. Qd2 Ng4 11. Bxg4 Bxg4 12. f3 Bd7 13. Rfd1 Ne5 14. b3 a6 15.
Rac1 Rc8 16. Nd5 Bc6 17. Nxc6 bxc6 18. Nb6 Rb8 19. Na4 c5 20. Nc3 Nc6 21. Ne2
Qc7 22. Bh6 a5 23. Bxg7 Kxg7 24. Nc3 Nd4 25. Re1 e5 26. f4 f5 27. Nd5 Qa7 28.
Rc3 Rbe8 29. exf5 Rxf5 30. Rce3 a4 31. fxe5 dxe5 32. Rh3 axb3 33. axb3 Ref8 34.
Qh6+ Kg8 35. Ne3 Rf2 36. Rh4 Re2 37. Rf1 Rxf1+ 38. Nxf1 Qf7 1-0

[Event "Superettan(Rockaden,Sthlm II-Upsala)"]
[Site "?"]
[Date "2019.03.09"]
[Round "6"]
[White "Sorensen, Hampus"]
[Black "Johansson, Thomas"]
[Result "1/2-1/2"]
[WhiteElo "2230"]
[BlackElo "2235"]
[PlyCount "104"]
1. d4 Nf6 2. c4 e6 3. Nf3 Bb4+ 4. Bd2 a5 5. g3 b6 6. Bg2 Bb7 7. O-O O-O 8. Nc3
d6 9. Qc2 Nbd7 10. Rad1 Qe7 11. b3 h6 12. Bc1 Bxc3 13. Qxc3 Ne4 14. Qc2 f5 15.
Bb2 Qf7 16. Ne1 Rae8 17. Nd3 e5 18. dxe5 dxe5 19. Ba3 c5 20. Bb2 Ba8 21. Qb1
Re7 22. Ne1 Qe6 23. Nf3 Nef6 24. Nh4 Bxg2 25. Kxg2 Ne4 26. Nf3 Ng5 27. Nxg5
hxg5 28. Qd3 Nf6 29. Qd6 g4 30. Qxe6+ Rxe6 31. Rd2 Rfe8 32. Rfd1 Kf7 33. Rd8
Ke7 34. Rxe8+ Kxe8 35. h3 gxh3+ 36. Kxh3 Ke7 37. Kg2 Rd6 38. Rxd6 Kxd6 39. f3
Ke6 40. Kf2 g6 41. Bc1 Ng8 42. Bg5 Ne7 43. Bxe7 Kxe7 44. f4 Kf6 45. e3 g5 46.
fxe5+ Kxe5 47. Kf3 g4+ 48. Kf2 Ke6 49. Ke2 Kd6 50. Kd3 Ke6 51. e4 Ke5 52. exf5
Kxf5 1/2-1/2

[Event "Superettan(Vasteras II-Kristallen)"]
[Site "?"]
[Date "2019.03.09"]
[Round "6"]
[White "Eriksson, Anders"]
[Black "Andersson, Goran L"]
[Result "1/2-1/2"]
[WhiteElo "2230"]
[BlackElo "2249"]
[PlyCount "106"]
[EventDate "2019.??.??"]
1. Nf3 Nf6 2. g3 d5 3. Bg2 c6 4. O-O Bg4 5. c4 Nbd7 6. cxd5 cxd5 7. d4 e6 8.
Nc3 Bd6 9. Qb3 Qb6 10. Bf4 Bxf4 11. Qxb6 Nxb6 12. gxf4 Ne4 13. Rfc1 O-O 14. e3
Nxc3 15. Rxc3 Rfc8 16. Rac1 Rxc3 17. Rxc3 Rc8 18. Rxc8+ Nxc8 19. Ne5 Bf5 20.
Bf1 f6 21. Nd3 Nd6 22. Nc1 Kf7 23. Bd3 Kg6 24. f3 Kh5 25. Bxf5 Nxf5 26. Kf2 Kh4
27. Nd3 b6 28. Nb4 Kh3 29. Nc6 g5 30. e4 dxe4 31. fxe4 Nd6 32. e5 fxe5 33. dxe5
Nf7 34. Nxa7 gxf4 35. Nc6 Kg4 36. a4 Kf5 37. b4 Ke4 38. a5 bxa5 39. bxa5 Kd5
40. Nb4+ Kc5 41. Nd3+ Kb5 42. Kf3 Kxa5 43. Kxf4 Kb5 44. Ke4 Kc6 45. Nf4 Kd7 46.
Nh5 Ke7 47. Nf6 h6 48. Kf4 Kf8 49. Nd7+ Kg7 50. Nc5 Nd8 51. Kg4 Kg6 52. h3 Nc6
53. Nxe6 Nxe5+ 1/2-1/2

[Event "Superettan(Kristallen-Burgsvik)"]
[Site "?"]
[Date "2019.03.08"]
[Round "4"]
[White "Krupenski, Juri"]
[Black "Naslund, Mikael"]
[Result "1-0"]
[WhiteElo "2418"]
[BlackElo "2188"]
[PlyCount "47"]
1. d4 Nf6 2. c4 e6 3. g3 Bb4+ 4. Bd2 Qe7 5. Bg2 O-O 6. e3 d5 7. Ne2 Nc6 8. O-O
Bd7 9. a3 Bxd2 10. Nxd2 Rad8 11. Qc2 Bc8 12. Rac1 e5 13. cxd5 exd4 14. e4 d3
15. Qxd3 Rfe8 16. Qc3 Nxd5 17. exd5 Qxe2 18. dxc6 Rxd2 19. cxb7 Bg4 20. b4 h5
21. h3 Bf5 22. Rce1 Qxe1 23. Rxe1 Rxe1+ 24. Kh2 1-0

[Event "Superettan(Kristallen-Burgsvik)"]
[Site "?"]
[Date "2019.03.08"]
[Round "4"]
[White "Andersson, Goran L"]
[Black "Larsson, Victor"]
[Result "1-0"]
[WhiteElo "2249"]
[BlackElo "2201"]
[PlyCount "95"]
1. d4 d5 2. Bf4 Nf6 3. e3 c5 4. Nf3 Nc6 5. Nbd2 g6 6. c3 Qb6 7. Qb3 Bg7 8. Be2
O-O 9. O-O Re8 10. Ne5 Nxe5 11. Bxe5 c4 12. Qxb6 axb6 13. b3 b5 14. a4 b4 15.
cxb4 c3 16. Nb1 c2 17. Na3 Bf5 18. Rfc1 Rac8 19. Bxf6 Bxf6 20. g4 Bd7 21. Rxc2
e5 22. dxe5 Bxe5 23. Rd1 Bc3 24. Bb5 Bxb5 25. Nxb5 Bxb4 26. Rxc8 Rxc8 27. Rxd5
Rc2 28. Kf1 Rb2 29. Nd4 Rb1+ 30. Kg2 Rb2 31. Nf3 b6 32. Rb5 Bc5 33. Nd4 Kf8 34.
Kf3 Ke8 35. b4 Rxb4 36. Rxb4 Bxb4 37. Ke4 Kd7 38. Kd5 Be1 39. f3 Bd2 40. e4 Bf4
41. h3 Bd2 42. e5 Bc3 43. f4 Ke7 44. f5 gxf5 45. gxf5 b5 46. Nxb5 Bd2 47. f6+
Kd7 48. Nd6 1-0

[Event "Superettan(Kristallen-Burgsvik)"]
[Site "?"]
[Date "2019.03.08"]
[Round "4"]
[White "Persson, Mats"]
[Black "Hansson, Fredrik"]
[Result "1-0"]
[WhiteElo "2283"]
[BlackElo "2178"]
[PlyCount "127"]
[EventDate "2019.??.??"]
1. e4 e5 2. Nf3 Nc6 3. d4 exd4 4. Bc4 Nf6 5. O-O Nxe4 6. Re1 d5 7. Bxd5 Qxd5 8.
Nc3 Qa5 9. Nxe4 Be6 10. Neg5 O-O-O 11. Nxe6 fxe6 12. Rxe6 Bd6 13. Bg5 Rdf8 14.
Qe2 Kd7 15. Re1 d3 16. Qxd3 Rxf3 17. Qxf3 Qxg5 18. Qf7+ Ne7 19. Rxd6+ cxd6 20.
Qe6+ Kc6 21. Qxe7 Qxe7 22. Rxe7 g6 23. h4 a5 24. Kf1 b5 25. Ke2 Kc5 26. Kd3 Rf8
27. f3 h5 28. Re6 Rf4 29. Re4 Rf5 30. a3 a4 31. Ke3 Kd5 32. f4 Rf7 33. Re8 Rf6
34. g3 Rf7 35. Kd3 Rf5 36. b3 axb3 37. cxb3 Rf7 38. Rg8 Rf6 39. Rb8 Kc5 40. b4+
Kc6 41. Kd4 Rf5 42. Rc8+ Kd7 43. Rg8 Rf6 44. Rg7+ Kc6 45. Re7 Rf8 46. Re6 Rg8
47. Rf6 Rg7 48. Rf8 Ra7 49. Rc8+ Kd7 50. Rg8 Rxa3 51. Rxg6 Rb3 52. Kd5 Rd3+ 53.
Ke4 Rb3 54. Rg5 Kc6 55. Rxh5 Rxb4+ 56. Kf5 Rc4 57. Rh8 Kc7 58. h5 b4 59. h6
Rc5+ 60. Kg4 Rb5 61. h7 b3 62. Re8 b2 63. Re1 Rb8 64. Kg5 1-0

[Event "Superettan(Kristallen-Burgsvik)"]
[Site "?"]
[Date "2019.03.08"]
[Round "4"]
[White "Subramanian, Aditya"]
[Black "Linusson, Pelle"]
[Result "0-1"]
[WhiteElo "2169"]
[BlackElo "2216"]
[PlyCount "78"]
1. d4 Nf6 2. Nf3 g6 3. c4 Bg7 4. g3 c6 5. Bg2 d5 6. O-O O-O 7. a4 Be6 8. Na3
Na6 9. cxd5 Bxd5 10. Nc2 c5 11. Ra3 Be4 12. Rc3 Nd5 13. Rb3 Rc8 14. Ne3 cxd4
15. Nxd4 Nxe3 16. Bxe3 Bxg2 17. Kxg2 Nc5 18. Rb4 b6 19. b3 Qd7 20. Nf3 Qe6 21.
Bd4 Rfd8 22. Qb1 Na6 23. Bxb6 axb6 24. Rh4 Bf6 25. Re4 Qc6 26. b4 Qd5 27. h4 h5
28. Rf4 Rc4 29. e4 Qd3 30. e5 Rxf4 31. gxf4 Bg7 32. Qxd3 Rxd3 33. a5 b5 34. Rc1
Nxb4 35. Rc8+ Bf8 36. Rb8 Nd5 37. Rxb5 Nxf4+ 38. Kg3 Ne2+ 39. Kg2 Rxf3 0-1

[Event "Superettan(Kristallen-Burgsvik)"]
[Site "?"]
[Date "2019.03.08"]
[Round "4"]
[White "Tuvesson, Mats"]
[Black "Persson, Andreas"]
[Result "0-1"]
[WhiteElo "2099"]
[BlackElo "2107"]
[PlyCount "86"]
1. d4 Nf6 2. c4 e6 3. Nf3 d5 4. Nc3 dxc4 5. e3 a6 6. a4 c5 7. Bxc4 Nc6 8. O-O
Bd6 9. Qe2 O-O 10. Rd1 Qc7 11. h3 Bd7 12. d5 exd5 13. Nxd5 Nxd5 14. Bxd5 Rad8
15. Bd2 Ne7 16. Bc4 Bc6 17. Bc3 Ng6 18. Ne1 Bh2+ 19. Kh1 Be5 20. Qc2 Qc8 21. e4
Bxc3 22. bxc3 Rxd1 23. Rxd1 Qe8 24. f3 Bxa4 25. Bb3 Bxb3 26. Qxb3 Qc6 27. Rd5
Nf4 28. Rf5 Ne6 29. Nc2 g6 30. Rd5 Nf4 31. Rd1 b5 32. Ne3 c4 33. Qa2 Qb6 34.
Qd2 Nd3 35. Nd5 Qd6 36. Ra1 f5 37. Qg5 fxe4 38. Ne7+ Kg7 39. fxe4 Nf2+ 40. Kg1
Nxe4 41. Qh4 Rf4 42. g4 Qc5+ 43. Kh1 g5 0-1

[Event "Superettan(Kristallen-Burgsvik)"]
[Site "?"]
[Date "2019.03.08"]
[Round "4"]
[White "Gamback, Bjorn"]
[Black "Andersson, Bjorn"]
[Result "1/2-1/2"]
[WhiteElo "2096"]
[BlackElo "2162"]
[PlyCount "34"]
1. e4 c5 2. Nf3 Nc6 3. c3 d5 4. exd5 Qxd5 5. d4 Bg4 6. Be2 e6 7. O-O Nf6 8. h3
Bh5 9. Be3 Rd8 10. dxc5 Qxd1 11. Rxd1 Nd5 12. b4 Be7 13. a3 Bf6 14. Ra2 Bg6 15.
Rad2 Bxb1 16. Rxb1 Nxc3 17. Rxd8+ Kxd8 1/2-1/2

[Event "Superettan(Kristallen-Burgsvik)"]
[Site "?"]
[Date "2019.03.08"]
[Round "4"]
[White "Haitin, Ilja"]
[Black "Lindh, Fredrik"]
[Result "1-0"]
[WhiteElo "2294"]
[BlackElo "2244"]
[PlyCount "121"]
[SourceDate "2019.03.17"]
1. e4 c5 2. Nf3 Nc6 3. Bb5 g6 4. Bxc6 bxc6 5. O-O Bg7 6. Re1 Nh6 7. Nc3 O-O 8.
e5 Nf5 9. d3 d6 10. Bf4 f6 11. exd6 exd6 12. h3 Rf7 13. d4 cxd4 14. Nxd4 Nxd4
15. Qxd4 Bf5 16. g4 Bxc2 17. Qd2 g5 18. Qxc2 gxf4 19. Qf5 Qd7 20. Re6 Re7 21.
Rae1 Rxe6 22. Rxe6 Re8 23. Rxe8+ Qxe8 24. Ne4 d5 25. Nc5 Qe1+ 26. Kg2 Qe5 27.
Qc8+ Bf8 28. Ne6 Qd6 29. Nxf8 Qxf8 30. Qxc6 Qd8 31. Kf3 d4 32. Ke4 Qe7+ 33. Kd3
Qe1 34. Qa8+ Kg7 35. Qxa7+ Kg6 36. Qxd4 Qb1+ 37. Ke2 Qxa2 38. Kf3 Qa1 39. Kxf4
Qc1+ 40. Kg3 Qg1+ 41. Kf3 Qh2 42. Ke2 Kf7 43. Qe3 Qc7 44. b3 Qc2+ 45. Kf1 Qc6
46. Kg1 Qc2 47. Qf3 Qb1+ 48. Kg2 Kg7 49. Qd5 Qe1 50. Qc4 Qa1 51. b4 Qa8+ 52.
Kh2 Qa4 53. Qc5 Qa3 54. Qd4 Qc1 55. b5 Qc7+ 56. Kg1 Qc1+ 57. Kg2 Kg6 58. Qe4+
Kg7 59. b6 Qb2 60. b7 Qb6 61. Qe7+ 1-0

[Event "Superettan(Kristallen-Burgsvik)"]
[Site "?"]
[Date "2019.03.08"]
[Round "4"]
[White "Walinder, Lars"]
[Black "Andersson, Tommy"]
[Result "1-0"]
[WhiteElo "2258"]
[BlackElo "2407"]
[PlyCount "59"]
1. c4 e6 2. Nc3 d5 3. e3 Nf6 4. Nf3 Be7 5. b3 O-O 6. Bb2 b6 7. cxd5 exd5 8. d4
Bb7 9. Bd3 Nbd7 10. O-O Re8 11. Ne5 Nxe5 12. dxe5 Nd7 13. f4 Nf8 14. Qf3 c6 15.
Rad1 Qb8 16. Qg3 Bd8 17. Ne2 c5 18. Bb5 Re6 19. f5 Rh6 20. Nf4 a6 21. Be8 f6
22. Nh5 Qc7 23. Nxf6+ Bxf6 24. exf6 Qxg3 25. f7+ Kh8 26. hxg3 Rd8 27. Be5 Rc8
28. f6 gxf6 29. Rxf6 Rxf6 30. Bxf6# 1-0